00531nam a2200169Ia 450000500170000000800410001702000150005808200130007310000180008624500540010426000450015830000190020365000200022294200060024295200980024899900150034620250430045118.0240331s9999 xx 000 0 und d a9559595229 bWEEa891 aWeerasinghe,T 0aAdaraneeya deviyanwahanse saha andhakara rathriya aColombobPiyasiri Printing systemsc1999 a87 p ., ( C 2) aSinhala Fiction cL 001040708LaWERCLbWERCLcSSCd2024-03-31l0o 891.48 WEEp2902r2024-03-31w2024-03-31yL c5539d5539